000 01670cad a22002295a 4500
001 L138137
008 070518e2007 xxk w 000 0 eng d
035 _a(Sirsi) u138137
041 0 _aeng
245 0 0 _aConnolly Limited V Bellway Homes Limited
_h[electronic resource]
260 _c2007
520 _a[2007] EWHC 895 (Ch), 23 April 2007. Considers whether a company's error in failing to challenge a figure applied to the selling of land can be rectified by the court. Also considers whether a claim of dishonesty can be made against a land valuation which is considerably inaccurate. The price of land derived by a formula was agreed by both parties and it was only subsequently appreciated by the claimant that this was an inaccurate valuation, and that some clauses of the formula ought not to have been agreed to. The defendant had also made a claim as to the net value of the land which was shown to be lower than stated. "Held": It was found that the court could not correct a contract which was agreed to by both parties. It was found that the price of price of the land in question had been misrepresented by the defendant and that the claimant could recover damages.
590 _aKA
650 2 4 _aCONNOLLY LTD V BELLWAY HOMES LTD
650 2 4 _aSWAINLAND BUILDERS V FREEHOLD PROPERTIES
650 2 4 _aROWALLAN GROUP V EDGEHILL PORTFOLIO NO1
650 2 4 _aGEORGE WIMPEY UK LTD V TEWKESBURY BC
651 4 _aEngland and Wales
_y1543-
690 _aPROPERTY-BUSINESS ASSETS-BUSINESS ASSET APPRAISAL AND VALUATION
856 4 0 _uhttps://www.bailii.org/ew/cases/EWHC/Ch/2007/895.html
_zView the article free of charge at www.bailii.org...
942 _n0
999 _c78799
_d78799